01003nam a2200289 a 450000100060000000300080000600500170001400800410003102000310007203500190010304000370012204100080015908200220016710000270018924500850021625000190030126400440032030000450036433600260040933700280043533800270046350400670049065000430055765000460060070000350064670000320068182078BD-RjUL20231010151943.0231010s2022 mdua b 001 0 eng  a9781538142370q(softcover) a(BD-RjUL)82078 aDLCbengerdacDLCdDLCdBD-RjUL aeng00223a175bMIM 20221 aWilkins, Lee,eauthor.10aMedia ethics :bissues and cases /cLee Wilkins, Chad Painter, Philip Patterson. aTenth edition. 1aLanham :bRowman & Littlefield,c[2022] axxi, 386 pages :billustrations ;c23 cm atextbtxt2rdacontent aunmediatedbn2rdamedia avolumebnc2rdacarrier aIncludes bibliographical references (pages 363-382) and index. 0aMass mediaxMoral and ethical aspects. 0aCommunicationxMoral and ethical aspects.1 aPainter, Chad,d1977-eauthor.1 aPatterson, Philip,eauthor.